000 01008cab a2200289 4500
001 ABS54017
008 090401t1995 xxu||||| |||| 00| 0 eng d
035 _a(Sirsi) u7900
041 _aeng
100 _aLewison, K.
245 _aFair rents
260 _c1995
350 _a0
490 _aProperty Week
_v53(5) 2 November 1995, 36(1)
520 _aExamines two cases with different outcomes on the subject of fair rents and scarcity value: "Spath Holme v Greater Manchester RAC" and "Western Heritable Investment Co v Johnston".
650 _aASSURED TENANCIES
650 _aFAIR RENTS
650 _aHOUSING ACT 1988
650 _aRENT ASSESSMENT
650 _aSCARCITY VALUE
650 _aSCOTLAND
650 _aSPATH HOLME LTD V GREATER MANCHESTER AND LANCASHIRE RENT ASSESSMENT COMMITTEE
650 _aWESTERN HERITABLE INVESTMENT CO V JOHNSTON
690 _aPROPERTY-RESIDENTIAL PROPERTY-RESIDENTIAL LANDLORD AND TENANT-RESIDENTIAL TENANCIES
942 _n0
948 _c04/03/1997
999 _c4809
_d4809